| 000 | 00000nam##2200000za#4500 |
| 001 | 9.632733 |
| 003 | CaOODSP |
| 005 | 20210624214953 |
| 007 | cr ||||||||||| |
| 008 | 150407|2002||||xxc|||||o f|0| 0 fre|d |
| 020 | |a0-662-71673-6 |
| 040 | |aCaOODSP|bfre |
| 043 | |an-cn--- |
| 086 | 1 |aIu188-16/1-2006F-PDF |
| 110 | 1 |aCanada.|bIndustrie Canada. |bDirection générale de la politique de la petite entreprise. |
| 245 | 10|aFinancement des PME au Canada : |h[ressource électronique]|bobstacles auxquels se heurtent les entrepreneurs des groupes des femmes, des jeunes, des Autochtones et des minorités qui cherchent à obtenir du capital — Phase 1 : revue de la littérature |
| 260 | |aVancouver - Colombie Britannique : |bIndustrie Canada. |c2002. |
| 300 | |a37p.|bréférences, tableau |
| 590 | |a06-23|b2006-06-09 |
| 590 | |a06-10-Supp|b2006-12-15 |
| 691 | 07|aCapital de risque|2gcpds |
| 691 | 07|aPetite entreprise|2gcpds |
| 720 | 1 |aHeidrick, Ted |
| 720 | 1 |aNicol, Tracey |
| 775 | 08|tFinancing SMEs in Canada : |w(CaOODSP)9.688303 |
| 856 | 40|ahttp://publications.gc.ca|qPDF|s217 Ko|uhttps://publications.gc.ca/collections/Collection/Iu188-16-1-2006F.pdf |
| 986 | |a53235F |